000 01289ny a22003253n 4500
005 20240305165328.0
006 m u
007 cr cn|||||||||
008 200606r2005 sp |||||s|||||||||||spa d
020 _a9788497726504
035 _a1269
040 _aFlNmELB
_cFlNmELB
_dvlex
050 1 4 _aJC571
_bL149 2005eb
080 _a347
090 _c1294
_d1294
100 1 _aLacruz Mantecón, Miguel L
245 1 3 _aLa normativa posesoria de liquidación y su generalización
_h[Recurso electrónico]
_cMiguel L. Lacruz Mantecón
256 _aServicio en línea
260 _aMadrid :
_bDykinson,
_c2005
300 _a11-202 p
506 1 _aContenido solo disponible en los productos indicados
_dvLex Global
_dvLex Global (Academic Edition, excluding Law Schools)
_dvLex Global (U.S. Academic Edition, Law Schools)
_dvLex Global (U.S. Academic Edition, excluding Law Schools)
_dvLex Global (Academic Edition, Law Schools)
650 0 7 _aDerecho civil
_2Tesauro vLex
650 0 7 _aLiquidación posesoria
_2Tesauro vLex
650 0 7 _aLiquidación de sociedad
_2Tesauro vLex
650 0 7 _aSocietario
_2Tesauro vLex
650 0 7 _aPosesión
_2Tesauro vLex
740 0 _avLex Libros (Servicios en línea)
856 4 0 _uhttps://app.vlex.com/#/sources/1269
942 _cRAA
999 _c159779
_d159779